{"text_format":"3","workbook":"xls","n_sheets":3,"sheets":["巨野分公司","连云港分公司","中大杆塔"],"read":"whole","date_system":"1900","formulas":"cached_only"}

{"sheet":"巨野分公司","index":0,"n_rows":23,"n_cols":12,"rows_kept":23,"merged":[[0,0,0,11],[1,0,1,11],[2,0,2,11],[5,0,6,0],[5,7,6,7],[5,8,6,8],[9,0,12,0],[9,7,12,7],[9,8,12,8],[13,0,16,0],[13,7,16,7],[13,8,16,8],[17,0,20,0],[17,7,20,7],[17,8,20,8],[21,0,22,0],[21,7,22,7],[21,8,22,8]],"flags":["formulas_cached_only"]}
["五金收料统计日报表"]
["日期： 2018  年 09  月 18  日                             填表人： 吴艳苓"]
["单位：江苏大力神管桩有限公司巨野分公司"]
["入库单号","品名","规格","数量","单位","单价","金额","供应商名称","联系方式","采购员","检验员","备注"]
["WIN005838","工业用盐","50KG",5000,"KG",0.48,2400,"山东省盐业集团菏泽有限公司巨野分公司","05308256194","张传鹏","甘星允"]
["WIN005839","轴承",30217,8,"套",59,472,"巨野县泗春五金机电门市部",13561346099,"张传鹏","甘星允"]
[null,"轴承","22224CA",4,"套",260,1040,null,null,"张传鹏","甘星允"]
["WIN005840","大垃圾袋",null,4,"包",20,80,"巨野商业街",null,"张传鹏","甘星允"]
["WIN005842","导电套（加工件）","24*62",4,"件",20,80,"巨野县麒麟镇瑞麟机床加工件",18253062776,"张传鹏","甘星允"]
["WIN005843","PVC线管","Φ16",2,"根",3.5,7,"巨野县豪德五金机电批发部",18816075138,"张传鹏","甘星允"]
[null,"PVC线槽",null,10,"根",2.5,25,null,null,"张传鹏","甘星允"]
[null,"护套线","2*1.5",1,"盘",175,175,null,null,"张传鹏","甘星允"]
[null,"胀丝胀管",null,2,"包",2,4,null,null,"张传鹏","甘星允"]
["WIN005844","空滤总成",null,4,"个",28,112,"上海布利斯托压缩机有限公司",18930829343,"张传鹏","甘星允"]
[null,"排气管",null,1,"套",205,205,null,null,"张传鹏","甘星允"]
[null,"活塞环",null,3,"付",18,54,null,null,"张传鹏","甘星允"]
[null,"活塞",null,2,"个",36,72,null,null,"张传鹏","甘星允"]
["WIN005845","连杆",null,2,"根",59,118,"上海布利斯托压缩机有限公司",18930829343,"张传鹏","甘星允"]
[null,"排气阀片",null,3,"套",20,60,null,null,"张传鹏","甘星允"]
[null,"进排气阀",null,1,"套",8,8,null,null,"张传鹏","甘星允"]
[null,"进排气阀板总成（含O型圈）",null,1,"个",65,65,null,null,"张传鹏","甘星允"]
["WIN005846","不锈钢焊条","Φ3.2",1,"把",60,60,"巨野县泗春五金机电门市部",13561346099,"张传鹏","甘星允"]
[null,"风炮套头","Φ30",30,"个",35,1050,null,null,"张传鹏","甘星允"]

{"sheet":"连云港分公司","index":1,"n_rows":12,"n_cols":13,"rows_kept":12,"merged":[[0,2,0,11],[1,2,1,11],[2,2,2,11],[11,12,19,12]],"flags":["formulas_cached_only"]}
[null,null,"五金收料统计日报表"]
[null,null,"日期：   2018  年     9  月   18 日                             填表人： 李秀娟"]
[null,null,"单位：连云港分公司五金配件库"]
[null,"入库单号","品名","规格","单位","数量","单价","金额","供应商名称","联系方式","采购员","检验员","备注"]
[null,"WIN004546","氧气",null,"瓶",3,20,60,"李英志",15950700229,"王成军"]
[null,"WIN004547","齿轮油","170KG","桶",2,2250,4500,"连云港以乐润滑油贸易有限公司",13225206195,"王成军"]
[]
[]
[]
[]
[]
[{"$nulls":12},"大力神总厂车间代加工"]

{"sheet":"中大杆塔","index":2,"n_rows":12,"n_cols":11,"rows_kept":12,"merged":[[0,1,0,10],[1,1,1,10],[2,1,2,10],[4,0,6,0],[4,7,6,7],[4,8,6,8],[7,0,8,0],[7,7,8,7],[7,8,8,8],[10,0,11,0],[10,7,11,7],[10,8,11,8]],"flags":["formulas_cached_only"]}
[null,"五金收料统计日报表"]
[null,"日期：   18  年      9 月    18 日                             填表人： 郑天秀"]
[null,"单位：江苏中大杆塔"]
["入库单号","品名","规格","数量","单位","单价","金额","供应商名称","联系方式","采购员","检验员"]
[2141,"美能达碳粉","TN117",2,"盒",90,180,"邳州市创业办公设备经营部",null,"刘江山"]
[null,"订书钉",null,10,"盒",1,10,null,null,"刘江山"]
[null,"黑色中性笔",null,2,"盒",9.6,19.2,null,null,"刘江山"]
[2142,"氧气",null,10,"瓶",30,300,"邳州苏源制氧有限公司",86441420,"刘江山"]
[null,"二氧",null,4,"瓶",4,156,null,null,"刘江山"]
[2144,"乙炔",null,12,"瓶",56,672,"邳州苏源制氧有限公司",86441420,"刘江山"]
[2145,"氧气",null,7,"瓶",30,210,"邳州苏源制氧有限公司",86441420,"刘江山"]
[null,"二氧",null,5,"瓶",39,195,null,null,"刘江山"]